Trouvez les 15 pays les moins cités en 15 secondes - Statistiques

Statistiques générales
  • Ce quiz a été pris 160 fois
  • Le résultat moyen est 3 sur 15
Réponses sur la Carte
Les réponses sont colorées sur une échelle allant du rouge au vert en fonction du pourcentage des utilisateurs qui les ont devinées à leur premier essai. Vous pouvez retrouver ces pourcentages ci-dessous.
 
Statistiques - réponses
Réponse % Correct
Nauru
48%
Tuvalu
39%
Palaos
33%
Vanuatu
32%
Kiribati
27%
Îles Marshall
18%
Saint Vincent et les Grenadines
18%
Samoa
18%
Saint Christophe et Niévès
14%
Antigua et Barbuda
11%
Brunei
10%
Grenade
9%
Sao tome et principe
9%
Timor oriental
7%
Iles Salomons
0%
Aucun quiz correspondant
Distribution des résultats
% des personnes avec chaque résultat
Percentile par nombre de réponses
Votre historique - résultats
Vous n’avez pas pris ce quiz